| 000 | 00000nam##2200000za#4500 |
| 001 | 9.601256 |
| 003 | CaOODSP |
| 005 | 20220623094111 |
| 007 | cr ||||||||||| |
| 008 | 150406|1997||||xxc|||||o f|0| 0 fre|d |
| 040 | |aCaOODSP|bfre |
| 043 | |an-cn--- |
| 086 | 1 |aC21-23/16-1997F-PDF |
| 110 | 1 |aCanada. |bIndustrie Canada. |
| 245 | 13|aLe développement durable : concepts, mesures et déficiences des marchés et des politiques au niveau de l'économie ouverte, de l'industrie et de l'entreprise : |h[ressource électronique]|bdocument hors-série n° 16, octobre 1997 / |cpar Philippe Crabbé. |
| 260 | |aOttawa - Ontario : |bIndustrie Canada |cOctobre 1997. |
| 300 | |a103p.|bréférences |
| 490 | 1 |aDocument hors série|vN° 16 |
| 500 | |aLe n° de catalogue (C21-23/16-1997) et l’ISBN (0-662-63009-2) de l'édition imprimée bilingue ont été incorrectement copiés dans l’édition électronique. |
| 590 | |a11-09-Supp|b2011-06-30 |
| 720 | 1 |aCrabbé, Philippe |
| 775 | 08|tSustainable development - concepts, measures, market and policy failures at the open economy, industry and firm levels : |w(CaOODSP)9.570608 |
| 776 | 0#|tSustainable development: concepts, measures, market and policy failures at the open economy, industry and firm levels / |w(CaOODSP)9.529844 |
| 776 | 0#|tLe développement durable: concepts, mesures et déficiences des marchés et des politiques au niveau de l'économie ouverte, de l'industrie et de l 'entreprise / |w(CaOODSP)9.529845 |
| 830 | #0|aDocument hors série (Canada. Industrie Canada)|vN° 16|w(CaOODSP)9.501162 |
| 856 | 40|ahttp://publications.gc.ca|qPDF|s310 Ko|uhttps://publications.gc.ca/collections/Collection/C21-23-16-1997F.pdf|yN° 16 |